| 000 | 00435nam a2200097Ia 4500 | ||
|---|---|---|---|
| 008 | 180130s9999 xx 000 0 und d | ||
| 245 |
_cBoddie, Stephanie Clintonia; Massengill, Rebekah P.; Shi, Anne Fengyan _aDid the religious group socioeconomic ranking change leading into the great recession? |
||
| 260 | _c2013 | ||
| 300 | _aBook title: Religion, work and inequality--Acession number C17314; pages 27-48 | ||
| 650 | _aSOCIOLOGY OF WORK | ||
| 999 |
_c354523 _d354523 |
||